Statistics for Countries on the Prime Meridian Quiz

Click here to take the quiz!

General Stats

  • This quiz has been taken 769 times
  • The average score is 7 of 8

Answer Stats

Answer% Correct
United Kingdom
99%
Spain
93%
Algeria
92%
France
92%
Mali
88%
Ghana
80%
Burkina Faso
78%
Togo
74%

Score Distribution

Percentile by Number Answered

Percent of People with Each Score

Your Score History

You have not taken this quiz